[Event "Bad Bertrich Seniors op 4th"]
[Site "Bad Bertrich"]
[Date "2003.??.??"]
[Round "1"]
[White "Seyffer, Guenther"]
[Black "Khanukov, Boris"]
[Result "0-1"]
[WhiteElo "1935"]
[BlackElo "2340"]
[PlyCount "73"]
[EventDate "2003.12.??"]
[EventType "swiss"]
[EventRounds "9"]
[EventCountry "GER"]
[SourceTitle "EXT 2007"]
[Source "ChessBase"]
[SourceDate "2006.11.23"]
[SourceVersion "1"]
[SourceVersionDate "2006.11.23"]
[SourceQuality "1"]

1. d4 Nf6 2. Nf3 e6 3. e3 c5 4. Bd3 b6 5. 0-0 Bb7 6. c4 Be7 7. Nc3 0-0 8. Qe2 Nc6 9. Rd1 d6 10. a3 Rc8 11. Rb1 cxd4 12. exd4 d5 13. cxd5 exd5 14. Bf5 Ra8 15. Bg5 Re8 16. Qc2 g6 17. Bd3 Rc8 18. Qa4 a6 19. Re1 b5 20. Qd1 Na5 21. Ne5 Nc4 22. Ne2 Ne4 23. Bxe7 Rxe7 24. Bxc4 dxc4 25. f3 Nd6 26. Qd2 Nf5 27. Qf4 Qb6 28. Rbd1 f6 29. Ng4 Rce8 30. Kf1 Kg7 31. Ng3 Rxe1+ 32. Rxe1 Rxe1+ 33. Kxe1 Nxd4 34. Nh5+ gxh5 35. Qh6+ Kf7 36. Qxh7+ Ke6 37. Nxf6 0-1